| 000 | 00558nam a22001817a 4500 | ||
|---|---|---|---|
| 999 |
_c191925 _d191925 |
||
| 005 | 20220907123302.0 | ||
| 010 | _aENG-134954 | ||
| 020 |
_a9788183512060 _c154.00 |
||
| 035 | _aEN-118486 | ||
| 037 | _bDBAD/PUB | ||
| 082 | _a920 | ||
| 100 | _aKrishna, K.V.S.G. | ||
| 245 |
_aWomen Who Inspired the World/ _cK.V.S.G. Murali Krishna |
||
| 260 |
_aNew Delhi _bZen Education _c2012 |
||
| 270 |
_a4787/23 Ansari Road, Darya Ganj _bNew Delhi _e110002 _mzen.educare@gmail.com |
||
| 300 |
_axvii, 174p. _c22cm(pbk) |
||
| 942 |
_2ddc _cEN _h920 _mKRI |
||